| 000 | 00000nam##2200000za#4500 |
| 001 | 9.661994 |
| 003 | CaOODSP |
| 005 | 20210615120327 |
| 007 | ta |
| 008 | 150407|2000||||xxc||||| f|0| 0 fre|d |
| 020 | |a0-662-65079-4 |
| 040 | |aCaOODSP|bfre |
| 041 | |aeng |
| 041 | |afre |
| 043 | |an-cn--- |
| 086 | 1 |aF2-143/2000 |
| 110 | 1 |aCanada. |bMinistère des finances. |
| 245 | 10|aAvis de motion de voies et moyens visant à modifier la Loi de l'impôt sur le revenu, les règles concernant l'application de l'impôt sur le revenu et certaines lois liées à la Loi de l'impôt sur le revenu / |cPar le ministre des Finances. |
| 260 | |aOttawa - Ontario : |bFinances Canada. |c2000. |
| 300 | |a199p. ; |c28 cm. |
| 546 | |aBilingue |
| 563 | |aCouverture souple |
| 590 | |a00-28|b2000-07-14 |
| 691 | 07|aImpôt sur le revenu|2gcpds |
| 691 | 07|aAmendement|2gcpds |
| 691 | 07|aLégislation|2gcpds |
| 776 | 0#|tNotice of ways and means motion to amend the Income Tax Act, the income tax application rules and certain acts related to the Income Tax Act |w(CaOODSP)9.696518 |
| 776 | 0#|tAvis de motion de voies et moyens visant à modifier la Loi de l'impôt sur le revenu, les règles concernant l'application de l'impôt sur le revenu et certaines lois liées à la Loi de l'impôt sur le revenu |w(CaOODSP)9.640630 |
| 791 | |tNotice of ways and means motion to amend the Income Tax Act, the income tax application rules and certain acts related to the Income Tax Act / |eeng|w(CaOODSP)9.661993 |